00549nam a2200205Ia 450000500170000000800410001702000150005808200130007310000120008624500220009825000100012026000400013030000170017065000140018765000100020165000110021194200060022295201000022899900150032820240607041839.0240331s9999 xx 000 0 und d a8186562605 bJAWa362 aJawa, R 0aGirl child labour a1 st  aNew DelhibMANAK Publicationsc2000 axiii,195 p., aChildren  aGirls aLabour cL 001040708LaWERCLbWERCLcSSCd2024-03-31l0o 362.767 JAWp4225r2024-03-31w2024-03-31yL c2874d2874